Statistics for Cyprus Country Quiz

Click here to take the quiz!

General Stats

  • This quiz has been taken 8,774 times
  • The average score is 15 of 20

Answer Stats

QuestionAnswer% Correct
Which two continents are closest to Cyprus, geographically?Asia
97%
Which two continents are closest to Cyprus, geographically?Africa
97%
What are the official languages of Cyprus?Greek
97%
What are the official languages of Cyprus?Turkish
95%
Cyprus is the third largest island in the Mediterranean. Which two islands are larger?Sicily
90%
What empire conquered the island in 1570 AD?Ottoman Empire
90%
What is the capital of Cyprus?Nicosia
90%
What branch of Christianity is practiced by 78% of the population?Greek Orthodox
87%
What country has military bases on the island named Akrotiri and Dhekelia?United Kingdom
86%
A person from Italy is called an Italian. What do you call a person from Cyprus?Cypriot
86%
What empire controlled the island from 58 BC until the Crusades?Roman Empire /
Byzantine Empire
85%
Cyprus is the third largest island in the Mediterranean. Which two islands are larger?Sardinia
82%
Who conquered the island in 333 BC?Alexander the Great
75%
What ancient goddess was supposedly born from sea foam on the coast of Cyprus?Aphrodite
60%
What unrecognized state, installed after the Turkish invasion of 1974, controls the
northern part of the country?
Northern Cyprus
59%
What crusading king briefly conquered the island in 1191 AD?Richard the Lionheart
55%
What is the tallest mountain on Cyprus?Mount Olympus
49%
What Shakespeare play, about a Moorish general, was set mostly on Cyprus?Othello
48%
What white vegetable in the Brassica family is often thought to have come from Cyprus?Cauliflower
41%
What is the nickname for the UN buffer zone that separates the two parts of the country?{Green} Line
26%

Score Distribution

Percentile by Number Answered

Percent of People with Each Score

Your Score History

You have not taken this quiz